Los mantos de Gea en los talleres de diseño gráfico

Gardado en:
Detalles Bibliográficos
Autor Principal: Girola Iommi, Claudio (autor)
Outros autores: Iommi Marini, Godofredo Tito (autor)
Formato: Libro
Idioma:Lingua castelá
Publicado: Viña del Mar Escuela Arquitectura 1984
Subjects:
Tags: Engadir etiqueta
Sen Etiquetas, Sexa o primeiro en etiquetar este rexistro!

MARC

LEADER 00000nam a2200000 a 4500
001 UCY2949
003 CL-VaPUC
008 941130e19840000CL |||||||||||||||||spa|d
082 0 4 |a 709.04  |b GIR  |2 21 
100 |a Girola Iommi, Claudio  |e autor  |9 887649 
700 |a Iommi Marini, Godofredo Tito  |e autor  |9 857986 
245 1 4 |a Los mantos de Gea en los talleres de diseño gráfico 
300 |a 34 p 
942 |c BK 
945 |d 19941130 00:00:00  |a mfernand 
260 |a Viña del Mar  |b Escuela Arquitectura  |c 1984 
650 0 |a Arte moderno  |9 265333 
650 0 |a Diseño gráfico  |9 266874 
583 |a last modification  |c 19941130 00:00:00  |k Rodrigo Vera 
999 |c 231214  |d 231212 
952 |0 0  |1 0  |4 0  |6 709_040000000000000_GIR_1984  |7 0  |8 R  |9 234182  |a BIBARQ  |b BIBARQ  |d 2019-11-15  |i 3040348  |l 2  |o 709.04 GIR 1984  |p 3040348  |r 2025-01-20  |s 2024-04-11  |w 2019-11-15  |y BK_R  |k ARQ 
952 |0 0  |1 0  |4 0  |6 709_040000000000000_GIR_1984  |7 0  |8 R  |9 234183  |a BIBARQ  |b BIBARQ  |d 2019-11-15  |i 3040356  |o 709.04 GIR 1984  |p 3040356  |r 2025-01-20  |w 2019-11-15  |y BK_R  |k ARQ 
952 |0 0  |1 0  |4 0  |6 709_040000000000000_GIR_1984  |7 0  |8 R  |9 234184  |a BIBARQ  |b BIBARQ  |d 2019-11-15  |i 4125142  |o 709.04 GIR 1984  |p 4125142  |r 2025-01-20  |w 2019-11-15  |y BK_R  |k ARQ